|
|
|
|
| LEADER |
00000nam a2200000 a 4500 |
| 001 |
UCT1936 |
| 003 |
CL-VaPUC |
| 008 |
961004e19580000sp |||||||||||||||||spa|d |
| 082 |
0 |
4 |
|a 530.01
|b CAB
|2 21
|
| 100 |
0 |
|
|a Cabrera y Felipe, Juan
|e author
|9 370979
|
| 245 |
1 |
0 |
|a Introducción a la física teórica
|
| 250 |
|
|
|a 5a. ed
|
| 300 |
|
|
|a v
|
| 942 |
|
|
|c BK
|
| 945 |
|
|
|d 19961004 00:00:00
|a cmena
|
| 260 |
|
|
|a Zaragoza
|b s.n
|c 1958
|
| 500 |
|
|
|a v.1: Mecánica y termología
|
| 650 |
|
0 |
|a Física teórica
|9 345827
|
| 650 |
|
0 |
|a Cálculo
|9 260234
|
| 650 |
|
0 |
|a Cinemática
|9 260942
|
| 650 |
|
0 |
|a Mecánica
|9 260096
|
| 650 |
|
0 |
|a Estática
|9 260452
|
| 650 |
|
0 |
|a Dinámica
|9 260136
|
| 650 |
|
7 |
|a CAMPOS GRAVITATORIOS
|2 CL-VaPUC
|9 370980
|
| 650 |
|
0 |
|a Teoría cuántica
|9 266148
|
| 650 |
|
0 |
|a Teoría de la relatividad
|9 266149
|
| 650 |
|
0 |
|a Hidrostática
|9 260944
|
| 650 |
|
0 |
|a Hidrodinámica
|9 261326
|
| 650 |
|
0 |
|a Gases
|9 260945
|
| 650 |
|
0 |
|a Termodinámica
|9 259320
|
| 650 |
|
0 |
|a Propagación de ondas
|9 263256
|
| 650 |
|
0 |
|a Sonido
|9 261796
|
| 583 |
|
|
|a last modification
|c 20171228 02:51:40
|k Rodrigo Vera
|
| 999 |
|
|
|c 252267
|d 252265
|